Sweet treats word scramble - Statistics

General Stats
  • This quiz has been taken 43 times
  • The average score is 10 of 15
Answer Stats
Hint Answer % Correct
keac Cake
100%
cokoei Cookie
94%
tundo Donut
94%
iec macre Ice cream
90%
miutsari Tiramisu
81%
scaarnom Macarons
74%
umsniff Muffins
68%
fajkclap Flapjack
65%
wonbire Brownie
61%
eguremin Meringue
61%
eflirt Trifle
61%
klishmaek Milkshake
52%
eslorpfitoer Profiteroles
29%
rshadobert Shortbread
16%
scalfitou Clafoutis
10%
No matching quizzes found
Score Distribution
Percent of People with Each Score
Percentile by Number Answered
Your Score History
You have not taken this quiz